000 00376nam a2200097Ia 4500
008 180130s9999 xx 000 0 und d
245 _cCodd, R. Trent III
_aTechnology in CBT training and supervision
260 _c2016
300 _aBook title: Teaching and supervising cognitive behavioral therapy--Acession number C20879; pages 121-132
650 _aCOGNITIVE BEHAVIORAL THERAPY
999 _c353973
_d353973